<?xml version="1.0" encoding="UTF-8"?>
<record
    xmlns:xsi="http://www.w3.org/2001/XMLSchema-instance"
    xsi:schemaLocation="http://www.loc.gov/MARC21/slim http://www.loc.gov/standards/marcxml/schema/MARC21slim.xsd"
    xmlns="http://www.loc.gov/MARC21/slim">

  <leader>01261nam a2200253   4500</leader>
  <controlfield tag="001">113560</controlfield>
  <controlfield tag="003">DR-UNIBE</controlfield>
  <controlfield tag="005">20250506113800.0</controlfield>
  <controlfield tag="008">250506b2009    mx ||||| |||| 00| 0 spa d</controlfield>
  <datafield tag="020" ind1=" " ind2=" ">
    <subfield code="a"> 9685153574</subfield>
  </datafield>
  <datafield tag="040" ind1=" " ind2=" ">
    <subfield code="a">BIBLIOTECA UNIBE</subfield>
    <subfield code="c">BIBLIOTECA UNIBE</subfield>
    <subfield code="b">spa</subfield>
    <subfield code="e">rda</subfield>
  </datafield>
  <datafield tag="041" ind1=" " ind2=" ">
    <subfield code="a">spa</subfield>
  </datafield>
  <datafield tag="082" ind1=" " ind2=" ">
    <subfield code="2">22</subfield>
    <subfield code="a">343.098 I57c</subfield>
  </datafield>
  <datafield tag="110" ind1="1" ind2="0">
    <subfield code="a"> Instituto Latinoamericano de Naciones Unidas para la Prevenci&#xF3;n del Delito y Tratamiento del Delincuente (ILANUD)</subfield>
    <subfield code="9">194930</subfield>
  </datafield>
  <datafield tag="245" ind1="1" ind2="0">
    <subfield code="a"> C&#xF3;digos penales de los pa&#xED;ses de Am&#xE9;rica Latina / </subfield>
    <subfield code="c">Instituto Latinoamericano de Naciones Unidas para la Prevenci&#xF3;n del Delito y Tratamiento del Delincuente (ILANUD)</subfield>
  </datafield>
  <datafield tag="250" ind1=" " ind2=" ">
    <subfield code="a">Primera edici&#xF3;n</subfield>
  </datafield>
  <datafield tag="260" ind1=" " ind2=" ">
    <subfield code="a">M&#xE9;xico : </subfield>
    <subfield code="b">Suprema Corte de Justicia de la Naci&#xF3;n</subfield>
    <subfield code="c">2009</subfield>
  </datafield>
  <datafield tag="300" ind1=" " ind2=" ">
    <subfield code="a">168 p&#xE1;ginas ; </subfield>
    <subfield code="c">23  x 15 cm</subfield>
  </datafield>
  <datafield tag="505" ind1=" " ind2=" ">
    <subfield code="a">Los c&#xF3;digos penales de Latinoam&#xE9;rica |
I. Genealog&#xED;a de la Codificaci&#xF3;n penal latinoamericana |
II. La agresi&#xF3;n a la racionalidad legislativa en materia penal |
Notas |
Tabla de abreviaturas |
&#xCD;ndice topon&#xED;mico 

</subfield>
  </datafield>
  <datafield tag="650" ind1=" " ind2="7">
    <subfield code="2">lemb</subfield>
    <subfield code="a"> Derecho penal </subfield>
    <subfield code="x">Legislaci&#xF3;n </subfield>
    <subfield code="z">Am&#xE9;rica Latina</subfield>
    <subfield code="9">194934</subfield>
  </datafield>
  <datafield tag="650" ind1=" " ind2="7">
    <subfield code="2">lemb</subfield>
    <subfield code="a">C&#xF3;digo penal</subfield>
    <subfield code="z">Am&#xE9;rica Latina</subfield>
    <subfield code="9">194935</subfield>
  </datafield>
  <datafield tag="700" ind1="1" ind2="0">
    <subfield code="a">Carranza, El&#xED;as</subfield>
    <subfield code="9">194931</subfield>
    <subfield code="e">presentador</subfield>
  </datafield>
  <datafield tag="942" ind1=" " ind2=" ">
    <subfield code="2">ddc</subfield>
    <subfield code="c">BK</subfield>
  </datafield>
  <datafield tag="999" ind1=" " ind2=" ">
    <subfield code="c">113560</subfield>
    <subfield code="d">113560</subfield>
  </datafield>
  <datafield tag="952" ind1=" " ind2=" ">
    <subfield code="0">0</subfield>
    <subfield code="1">0</subfield>
    <subfield code="2">ddc</subfield>
    <subfield code="7">0</subfield>
    <subfield code="8">GEN</subfield>
    <subfield code="a">Principal</subfield>
    <subfield code="d">2025-04-08</subfield>
    <subfield code="l">0</subfield>
    <subfield code="o">343.098 I57c</subfield>
    <subfield code="p">250415</subfield>
    <subfield code="r">2025-05-06 11:28:45</subfield>
    <subfield code="t">Ej. 1</subfield>
    <subfield code="w">2025-05-06</subfield>
    <subfield code="y">BK</subfield>
  </datafield>
</record>
